[Event "Lingen op 4th"]
[Site "Lingen"]
[Date "2012.07.22"]
[Round "5"]
[White "Arndt, Felix"]
[Black "Bringer, Lukas"]
[Result "1/2-1/2"]
[WhiteElo "1807"]
[BlackElo "1645"]
[PlyCount "39"]
[EventDate "2012.07.20"]
[EventType "swiss"]
[EventRounds "5"]
[EventCountry "GER"]
[SourceTitle "EXT 2013"]
[Source "ChessBase"]
[SourceDate "2012.11.22"]
[SourceVersion "1"]
[SourceVersionDate "2012.11.22"]
[SourceQuality "1"]

1. d4 Nf6 2. c4 e6 3. Nf3 b6 4. Bg5 Be7 5. e3 Bb7 6. Be2 0-0 7. 0-0 d5 8. Nc3 Nbd7 9. Rc1 c5 10. a3 a6 11. Bd3 h6 12. Bh4 Rc8 13. Qe2 dxc4 14. Bxc4 cxd4 15. Nxd4 b5 16. Bxe6 fxe6 17. Nxe6 Qb6 18. Nxf8 Rxf8 19. Rfd1 Qe6 20. Rd2 1/2-1/2

[Event "Lippe Cup-B 08th"]
[Site "Lieme"]
[Date "2011.10.30"]
[Round "4"]
[White "Gelashvili, Vakhtang"]
[Black "Bringer, Lukas"]
[Result "1/2-1/2"]
[WhiteElo "1738"]
[BlackElo "1580"]
[PlyCount "69"]
[EventDate "2011.10.28"]
[EventType "swiss"]
[EventRounds "5"]
[EventCountry "GER"]
[SourceTitle "EXT 2012"]
[Source "ChessBase"]
[SourceDate "2011.11.24"]
[SourceVersion "1"]
[SourceVersionDate "2011.11.24"]
[SourceQuality "1"]

1. Nf3 Nf6 2. b3 e6 3. Bb2 b6 4. d3 d5 5. Nbd2 Bb7 6. g3 Be7 7. Bg2 0-0 8. Ne5 c5 9. 0-0 Nbd7 10. e3 Nxe5 11. Bxe5 Nd7 12. Bb2 Qc7 13. d4 Bf6 14. c3 Rac8 15. Rc1 Rfd8 16. f4 g6 17. Nf3 Bg7 18. h4 f5 19. Kf2 Nf6 20. Ne5 Qe7 21. Bf3 Ne4+ 22. Kg2 Bxe5 23. dxe5 Ba6 24. Rg1 c4 25. b4 Bb5 26. a4 Be8 27. Ra1 a6 28. Qd4 Qb7 29. a5 b5 30. Raf1 h5 31. Ra1 Qe7 32. Kh2 Kh7 33. Rg2 Kh8 34. Rag1 Kg8 35. Kh3 1/2-1/2

[Event "Lippe Cup-B 08th"]
[Site "Lieme"]
[Date "2011.10.28"]
[Round "1"]
[White "Bringer, Lukas"]
[Black "Wraga, Teresa"]
[Result "1-0"]
[WhiteElo "1580"]
[BlackElo "1423"]
[PlyCount "73"]
[EventDate "2011.10.28"]
[EventType "swiss"]
[EventRounds "5"]
[EventCountry "GER"]
[SourceTitle "EXT 2012"]
[Source "ChessBase"]
[SourceDate "2011.11.24"]
[SourceVersion "1"]
[SourceVersionDate "2011.11.24"]
[SourceQuality "1"]

1. c4 e5 2. Nc3 Nf6 3. Nf3 d6 4. d4 exd4 5. Nxd4 Nc6 6. Nxc6 bxc6 7. Bg5 g6 8. Qd4 Bg7 9. Ne4 c5 10. Nxf6+ Bxf6 11. Qxf6 Qxf6 12. Bxf6 0-0 13. f3 Re8 14. Kd2 Rb8 15. Bc3 Ba6 16. e3 Bb7 17. Bd3 f5 18. Rae1 Re7 19. b3 Rbe8 20. h4 Rf8 21. h5 g5 22. h6 g4 23. Rh5 Bc8 24. Rg5+ Kf7 25. Bg7 Rg8 26. Bxf5 Bxf5 27. Rxf5+ Ke8 28. fxg4 Re4 29. Rf4 Re6 30. Ref1 Rg6 31. Re4+ Kd7 32. Rf7+ Kc6 33. Rf6 Rg5 34. Ke2 R8xg7 35. hxg7 Rxg7 36. Kf3 a5 37. Re8 1-0

[Event "Enger Knappen Cup op-B"]
[Site "Enger"]
[Date "2010.12.30"]
[Round "7"]
[White "Bringer, Lukas"]
[Black "Abbasov, Amil"]
[Result "1-0"]
[WhiteElo "1435"]
[BlackElo "1274"]
[PlyCount "51"]
[EventDate "2010.12.27"]
[EventType "swiss"]
[EventRounds "7"]
[EventCountry "GER"]
[SourceTitle "CBM 140 Extra"]
[Source "ChessBase"]
[SourceDate "2011.03.01"]
[SourceVersion "1"]
[SourceVersionDate "2011.03.01"]
[SourceQuality "1"]

1. c4 Nf6 2. Nc3 g6 3. d4 d6 4. e4 Bg7 5. f4 h6 6. Nf3 Nfd7 7. Bd3 Nc6 8. Be3 e5 9. d5 Ne7 10. 0-0 exf4 11. Bxf4 f5 12. exf5 gxf5 13. Re1 0-0 14. Qd2 Kh7 15. g4 Rg8 16. Kh1 Rh8 17. gxf5 Nf6 18. Nh4 a6 19. Rg1 Qf8 20. Ng6 Nxg6 21. Rxg6 Bd7 22. Rag1 Rg8 23. Ne4 Nxe4 24. f6 Nxd2 25. Rxg7+ Kh8 26. Rh7# 1-0

[Event "Enger Knappen Cup op-B"]
[Site "Enger"]
[Date "2010.12.29"]
[Round "6"]
[White "Bentel, Robin"]
[Black "Bringer, Lukas"]
[Result "1/2-1/2"]
[WhiteElo "1680"]
[BlackElo "1435"]
[PlyCount "123"]
[EventDate "2010.12.27"]
[EventType "swiss"]
[EventRounds "7"]
[EventCountry "GER"]
[SourceTitle "CBM 140 Extra"]
[Source "ChessBase"]
[SourceDate "2011.03.01"]
[SourceVersion "1"]
[SourceVersionDate "2011.03.01"]
[SourceQuality "1"]

1. d4 Nf6 2. c4 e6 3. Nc3 b6 4. e4 Bb7 5. Bd3 d5 6. cxd5 exd5 7. e5 Ne4 8. Nf3 c5 9. 0-0 cxd4 10. Nxd4 Bc5 11. Bb5+ Nd7 12. e6 fxe6 13. Nxe6 Nxf2 14. Nxg7+ Kf7 15. Bh6 Nf6 16. Rxf2 Bxf2+ 17. Kxf2 Rg8 18. Be8+ Rxe8 19. Nxe8 Qxe8 20. Qf3 Kg6 21. Qf4 Ng4+ 22. Qxg4+ Kxh6 23. Re1 Qf7+ 24. Kg1 Re8 25. Rf1 Qe6 26. Qxe6+ Rxe6 27. Rf7 d4 28. Rxb7 dxc3 29. bxc3 Re1+ 30. Kf2 Rc1 31. Rxa7 Rxc3 32. Ra6 Rc2+ 33. Kg3 Rb2 34. Ra7 Kg6 35. a4 Rb3+ 36. Kh4 Rb4+ 37. Kh3 h5 38. Ra6 Kg5 39. a5 bxa5 40. Rxa5+ Kh6 41. g3 Rc4 42. Rf5 Kg6 43. Rf4 Rc5 44. Kh4 Rb5 45. h3 Rc5 46. Rd4 Rb5 47. Rd6+ Kg7 48. g4 hxg4 49. hxg4 Rb1 50. Kh5 Rh1+ 51. Kg5 Rg1 52. Rd7+ Kg8 53. Kh5 Rf1 54. Kg6 Rf8 55. g5 Rc8 56. Kh6 Rc6+ 57. g6 Rc8 58. Rf7 Ra8 59. Rf6 Rb8 60. g7 Ra8 61. Kg6 Rb8 62. Re6 1/2-1/2